000
00352pab a2200157 454500
008
180718b2009 xxu||||| |||| 00| 0 eng d
100
_a
Dharmendra Kumar
245
_a
Pushing big box retail in agriculture
260
_c
2009
300
_a
p.44-46.
362
_a
Mar
650
_a
Agriculture
773
_a
Seminar
908
_a
N
909
_a
82048
999
_c
82048
_d
82048